000 00876nam a22002297a 4500
999 _c8598
_d8598
003 AR-CdUCM
008 190325b ||||| |||| 00| 0 spa d
040 _aMUNICIPALIDAD PROVINCIAL DEL CUSCO
_cBIBLIOTECA MUNICIPAL DEL CUSCO
082 _a977.305 /
_bV69
100 _aVilas, Carlos María,
_924062
245 _aPerfiles de la revolución sandinista. /
260 _aCuba :
_bCasa de las americas,
_c1984.
300 _a462 paginas ;
_c19 cm.
505 _aContenido : Liberación, nacional y revolución social -- Un capitalismo dominado y desigualmente desarrollado -- Vanguardia y masas en la insurrección popular -- Unidad nacional y economía mixta....
650 _aHistoria
_9246
650 _aGobierno revolucionario
_917656
650 _aCuba
_91821
650 _aEnsayo
_9274
650 _aRevolución social
_96430
942 _2ddc
_cLIBROS
945 _awnts